peintre par tableau : impressionnisme - Statistiques

Statistiques générales
  • Ce quiz a été pris 193 fois
  • Le résultat moyen est 6 sur 13
Statistiques - réponses
Par images Réponse % Correct
Claude Monet
96%
Paul Gauguin
82%
Vincent Van Gogh
76%
Paul Cezanne
64%
Edouard Manet
63%
Gustave Caillebotte
59%
Auguste Renoir
49%
Berthe Morisot
34%
Camille Pissaro
24%
Edgar Degas
20%
Frederic Bazille
8%
Mary Cassat
8%
Armand Guillaumin
1%
Aucun quiz correspondant
Distribution des résultats
% des personnes avec chaque résultat
Percentile par nombre de réponses
Votre historique - résultats
Vous n’avez pas pris ce quiz